Statistics for 2016 Rio Olympics medal table

Click here to take the quiz!

General Stats

  • This quiz has been taken 16 times
  • The average score is 71 of 86

Answer Stats

Gold medalsSilver medalsBronze medalsCOUNTRY% Correct
81110Australia
100%
766Brazil
100%
4315Canada
100%
261826China
100%
267Denmark
100%
003Egypt
100%
101814France
100%
171015Germany
100%
272317Great Britain
100%
011India
100%
314Iran
100%
8128Italy
100%
632Jamaica
100%
12821Japan
100%
236Poland
100%
262South Africa
100%
939South Korea
100%
746Spain
100%
263Sweden
100%
322Switzerland
100%
463738United States
100%
310Argentina
92%
001Austria
92%
323Colombia
92%
532Croatia
92%
127Czech Republic
92%
001Finland
92%
834Hungary
92%
120Indonesia
92%
661Kenya
92%
032Mexico
92%
010Niger
92%
001Nigeria
92%
191720Russia
92%
242Serbia
92%
220Slovakia
92%
121Slovenia
92%
874The Netherlands
92%
134Turkey
92%
254Ukraine
92%
110Vietnam
92%
020Algeria
85%
1710Azerbaijan
85%
101Bahamas
85%
222Belgium
85%
012Bulgaria
85%
001Dominican Republic
85%
125Ethiopia
85%
312Greece
85%
3510Kazakhstan
85%
013Lithuania
85%
011Mongolia
85%
495New Zealand
85%
004Norway
85%
010Philippines
85%
001Portugal
85%
427Uzbekistan
85%
144Belarus
77%
524Cuba
77%
001Estonia
77%
214Georgia
77%
020Ireland
77%
002Israel
77%
041Malaysia
77%
001Morocco
77%
010Qatar
77%
112Romania
77%
100Tajikistan
77%
222Thailand
77%
003Tunisia
77%
130Armenia
69%
100Jordan
69%
232North Korea
69%
001Trinidad and Tobago
69%
021Venezuela
69%
110Bahrain
62%
100Fiji
62%
100Kosovo
62%
010Burundi
54%
010Grenada
54%
101Ivory Coast
46%
100Singapore
46%
100Puerto Rico
38%
102Chinese Taipei
31%
001Vanuatu
23%
101Independent Olympic
Athletes
0%

Score Distribution

Percentile by Number Answered

Percent of People with Each Score

Your Score History

You have not taken this quiz